[Event "Abakan Khakassia-ch"]
[Site "Abakan"]
[Date "2014.03.02"]
[Round "9"]
[White "Maksimov, Vyacheslav"]
[Black "Koshevaya, Anna"]
[Result "0-1"]
[WhiteElo "1873"]
[BlackElo "1723"]
[PlyCount "84"]
[EventDate "2014.02.22"]
[EventType "swiss"]
[EventRounds "9"]
[EventCountry "RUS"]
[SourceTitle "CBM 159 Extra"]
[Source "ChessBase"]
[SourceDate "2014.04.24"]
[SourceVersion "1"]
[SourceVersionDate "2014.04.24"]
[SourceQuality "1"]

1. e4 c5 2. Nf3 a6 3. c3 d5 4. exd5 Qxd5 5. d4 Bg4 6. Be2 e6 7. Be3 cxd4 8. cxd4 Nf6 9. Nc3 Bb4 10. 0-0 Qd6 11. Qa4+ Nc6 12. Ne5 Bxe2 13. Nxe2 b5 14. Qb3 Nd5 15. Nxc6 Qxc6 16. Rac1 Qd7 17. Nf4 Nxf4 18. Bxf4 Bd6 19. Qg3 Bxf4 20. Qxf4 0-0 21. Rc7 Qd5 22. Qe5 Qxa2 23. h4 Qxb2 24. h5 h6 25. Qe3 Rad8 26. Rd1 Rd5 27. g4 e5 28. Qf3 Rxd4 29. Rxd4 Qxd4 30. g5 hxg5 31. h6 gxh6 32. Qf6 Qg4+ 33. Kf1 Qe6 34. Qf3 Rc8 35. Ra7 Rc1+ 36. Kg2 b4 37. Qe4 b3 38. Rb7 Qc6 39. Qxc6 Rxc6 40. Rxb3 Kg7 41. Rb7 Kg6 42. Ra7 f5 0-1

[Event "Abakan Sayany op"]
[Site "Abakan"]
[Date "2013.08.06"]
[Round "5"]
[White "Sergeev, Ilya"]
[Black "Koshevaya, Anna"]
[Result "1-0"]
[WhiteElo "2063"]
[BlackElo "1713"]
[PlyCount "53"]
[EventDate "2013.08.02"]
[EventType "swiss"]
[EventRounds "9"]
[EventCountry "RUS"]
[SourceTitle "CBM 155 Extra"]
[Source "ChessBase"]
[SourceDate "2013.08.26"]
[SourceVersion "1"]
[SourceVersionDate "2013.08.26"]
[SourceQuality "1"]

1. d4 d5 2. c4 e6 3. Nf3 c6 4. Bg5 Be7 5. Bxe7 Nxe7 6. e3 Nd7 7. Nc3 0-0 8. Bd3 f5 9. 0-0 Ng6 10. b4 Nf6 11. b5 Ne4 12. Rc1 Nxc3 13. Rxc3 cxb5 14. cxd5 exd5 15. Bxb5 f4 16. Ne5 Qg5 17. exf4 Nxf4 18. Rg3 Qe7 19. Qd2 Nh5 20. Rg5 Rf5 21. Rxf5 Bxf5 22. g4 Rf8 23. gxf5 Rxf5 24. Qc2 Qg5+ 25. Kh1 Nf4 26. Rg1 Qh4 27. Qxf5 1-0

[Event "Abakan Sayany op"]
[Site "Abakan"]
[Date "2013.08.04"]
[Round "3"]
[White "Koshevaya, Anna"]
[Black "Malezkey, Vladimir"]
[Result "1-0"]
[WhiteElo "1713"]
[BlackElo "2114"]
[PlyCount "147"]
[EventDate "2013.08.02"]
[EventType "swiss"]
[EventRounds "9"]
[EventCountry "RUS"]
[SourceTitle "CBM 155 Extra"]
[Source "ChessBase"]
[SourceDate "2013.08.26"]
[SourceVersion "1"]
[SourceVersionDate "2013.08.26"]
[SourceQuality "1"]

1. d4 Nf6 2. c4 g6 3. Nc3 d5 4. cxd5 Nxd5 5. e4 Nxc3 6. bxc3 Bg7 7. Bc4 c5 8. Nf3 0-0 9. 0-0 Bg4 10. Be3 Nc6 11. Rb1 Qc8 12. Be2 Rd8 13. d5 Na5 14. Qa4 b6 15. c4 Nb7 16. Qc2 Qc7 17. h3 Bd7 18. Bd2 f5 19. Bd3 fxe4 20. Bxe4 Nd6 21. Bf4 Rf8 22. Be5 Bxe5 23. Nxe5 Nxe4 24. Nxd7 Rf4 25. Rbe1 Qxd7 26. Rxe4 Raf8 27. Rxf4 Rxf4 28. Re1 Kf8 29. a4 Qf5 30. Qe2 Qf6 31. a5 bxa5 32. Rc1 a4 33. Qa2 Qd4 34. Rc2 a3 35. Kh2 Qe5 36. g3 Rf3 37. Re2 Qd4 38. d6 Qxd6 39. Qb1 Qf6 40. Kg2 Rc3 41. Qb8+ Kf7 42. Qb7 Qd6 43. Qxa7 Rb3 44. Qa8 Rb2 45. Re3 Rb8 46. Qf3+ Kg7 47. Rxa3 Rf8 48. Qe4 Rf7 49. Re3 Kf8 50. Qa8+ Kg7 51. Qe4 Kf8 52. Qa8+ Kg7 53. Qe4 Kg8 54. Qe5 Qc6+ 55. Qe4 Qf6 56. Re2 h6 57. Qe5 Qf3+ 58. Kg1 Qd3 59. Qe4 Qd6 60. Qe5 Qd7 61. Qe6 Qd1+ 62. Kg2 Kg7 63. Qe3 Kh7 64. Rd2 Qc1 65. Qe2 Qc3 66. Rd5 Qa3 67. Re5 Qa8+ 68. Kh2 Qa7 69. Qe3 h5 70. Rxc5 Qa2 71. Kg2 Qa8+ 72. Rd5 Qc6 73. Qe4 Kh6 74. Rxh5+ 1-0

[Event "Abaza op"]
[Site "Abaza"]
[Date "2012.07.22"]
[Round "2"]
[White "Romanova, Anastasia"]
[Black "Koshevaya, Anna"]
[Result "1-0"]
[WhiteElo "1934"]
[BlackElo "1640"]
[PlyCount "45"]
[EventDate "2012.07.21"]
[EventType "swiss"]
[EventRounds "9"]
[EventCountry "RUS"]
[SourceTitle "CBM 149 Extra"]
[Source "ChessBase"]
[SourceDate "2012.08.24"]
[SourceVersion "1"]
[SourceVersionDate "2012.08.24"]
[SourceQuality "1"]

1. Nf3 d5 2. d4 e6 3. c4 c6 4. Nc3 f5 5. Bf4 Nf6 6. e3 Be7 7. Bd3 0-0 8. Qc2 Ne4 9. g4 Bd6 10. Bg3 h6 11. gxf5 exf5 12. cxd5 Nxc3 13. bxc3 Bxg3 14. fxg3 Qxd5 15. 0-0 g5 16. Ne5 b5 17. Bxf5 Bxf5 18. Rxf5 Qe6 19. Rxf8+ Kxf8 20. Rf1+ Ke8 21. Qh7 Nd7 22. Nxd7 Qxd7 23. Rf8+ 1-0

[Event "Abaza op"]
[Site "Abaza"]
[Date "2012.07.21"]
[Round "1"]
[White "Koshevaya, Anna"]
[Black "Tarasov, Valentin"]
[Result "0-1"]
[WhiteElo "1640"]
[BlackElo "2020"]
[PlyCount "53"]
[EventDate "2012.07.21"]
[EventType "swiss"]
[EventRounds "9"]
[EventCountry "RUS"]
[SourceTitle "CBM 149 Extra"]
[Source "ChessBase"]
[SourceDate "2012.08.24"]
[SourceVersion "1"]
[SourceVersionDate "2012.08.24"]
[SourceQuality "1"]

1. d4 Nf6 2. c4 g6 3. Nc3 Bg7 4. e4 d6 5. f3 0-0 6. Be3 Nc6 7. Nge2 a6 8. Qd2 Rb8 9. Bh6 b5 10. cxb5 axb5 11. Ng3 Bxh6 12. Qxh6 Nxd4 13. 0-0-0 e5 14. Rxd4 exd4 15. Nxb5 c5 16. Bc4 Be6 17. Na3 Qa5 18. Nf5 Bxf5 19. exf5 d5 20. fxg6 fxg6 21. Bd3 Rb7 22. Rd1 c4 23. Bb1 Rxb2 24. Bxg6 Qxa3 25. Rd2 Rxa2+ 26. Kd1 Rxd2+ 27. Kxd2 0-1